| 000 | 00454cam a2200169 4500 | ||
|---|---|---|---|
| 020 | _a0675098157 | ||
| 040 | _cDLC | ||
| 082 | 0 | 0 | _a628 MER 1971 A040 Or. |
| 100 | 1 | _aBrown, Theodore L. | |
| 245 | 1 | 0 | _aEnergy and the environment |
| 260 |
_aColumbus, Ohio, _bMerrill _c[1971] |
||
| 300 |
_aix, 141 p. _billus. _c23 cm. |
||
| 650 | 0 | _aThermal pollution of rivers, lakes, etc. | |
| 650 | 0 | _aHeat budget (Geophysics) | |
| 650 | 0 | _aWaste heat | |
| 942 | _cEK | ||
| 999 |
_c12245 _d12245 |
||